Normal view
MARC view
Entry Topical Term
001 - CONTROL NUMBER
- control field: 4837
003 - CONTROL NUMBER IDENTIFIER
- control field: ARRUPE
005 - DATE AND TIME OF LATEST TRANSACTION
- control field: 20131203171013.0
008 - FIXED-LENGTH DATA ELEMENTS
- fixed length control field: 131203|| aca||aabn | a|a d
040 ## - CATALOGING SOURCE
- Original cataloging agency: ARRUPE
- Transcribing agency: ARRUPE
150 ## - HEADING--TOPICAL TERM
- Topical term or geographic name as entry element: Internet
- General subdivision: Internet
- General subdivision: social aspects
- General subdivision: Thoughts and thinking
670 ## - SOURCE DATA FOUND
- Source citation: Work cat.: (ARRUPE): Brockman,John 4836, How is the internet changing the way you think, 2011